000
00269nam a2200097Ia 4500
008
220214s9999 xx 000 0 und d
245
0
_a
Scientific papers on the cultivation of dwarf rubber trees, etc
260
_b
Indian Forester
_c
1910
300
_a
117-125
942
_c
RE
999
_c
45913
_d
45913